000 00791cab a2200265 4500
001 WB3510-38
008 090401t1999 xxu||||| |||| 00| 0 eng d
035 _a(Sirsi) u91978
041 _aeng
245 _aNew homes fall down too
260 _c1999
350 _a0
490 _aTimes
_v6 March 1999, 2:14(2)
520 _aDiscusses faults in new homes and the regulatory role of the National House-Building Council (NHBC) which is criticised by the National Association of New Homeowners. Diagram.
650 _aASSOCIATION OF NEW HOMEOWNERS
650 _aBUILDING DEFECTS
650 _aINDEPENDENT REGULATORS
650 _aNHBC
650 _aNEW HOMES
650 _aNEW HOUSES
650 _aZURICH MUNICIPAL
690 _aHOUSING
942 _n0
948 _c11/03/1999
999 _c58322
_d58322